000 00387nam a2200133Ia 4500
008 191206s9999 xx 000 0 und d
020 _a0960087621 :
090 _aBX890.T353
245 0 _acollected works of St. Teresa of Avila
260 _aInstitute of Carmelite Studies
260 _cc1976-
300 _av. ; 22 cm.
999 _c15700
_d15700